00470nmm a22001457a 450000500170000000800410001704100080005808200110006610000260007724501520010326000090025565000150026465000220027965000230030120220617090416.0150728b xxu||||| |||| 00| 0 spa d aspa aMD 168 aCalvo Rojas, Estefany aInforme de Práctica Supervisada realizado en el Centro Radiológico de la Clínica Especialidades Odontológicas Dr. Juan Carlos Coto Picado  c2014 aCOSTA RICA aMECÁNICA DENTAL aPRÓTESIS PARCIAL